000 00484nam a22001932 4500
001 0000003414
005 20170406115013.0
008 140616s xx 000 0 eng d
020 _c$
040 _aYour Holding Symbol
_cYour Holding Symbol
100 1 _aBowra,C.M.
245 1 0 _aSophocleav tragedy.
250 _a ed.
260 _aNew york :
_bOxford,
_c1944.
300 _a384 p. ;
_c cm.
504 _aindex.
650 0 _alinguistics.
908 _a140616
999 _c3291
_d3291